Statistics for star wars the clone wars

Click here to take the quiz!

General Stats

  • This quiz has been taken 207 times
  • The average score is 2 of 5

Answer Stats

Hint Answer % Correct
little green dudeyoda
95%
purple lightsabermace windu
94%
evil anaikandarth vadar
6%
anaikans apprenticeassoka
3%
4 armsgeneral grevicius
1%

Score Distribution

Percentile by Number Answered

Percent of People with Each Score

Your Score History

You have not taken this quiz